000 00703nam a2200241Ia 4500
003 OSt
005 20220918223809.0
006 a|||||r|||| 00| 0
007 ta
008 220917b |||||||| |||| 00| 0 eng d
024 _a225,194
037 _cTextual
040 _aARTS
_cARTS
_beng
041 _2eng
_aeng
082 _aKZ440aY, P2
100 _aScigliano Eric
_9146674
245 0 _aLove, war, and circuses
_b The age - old relationship between elephants and humans
260 _aNew York
_bHoughton Mifflin Company
_c2002
300 _ax, 358p.
_ccm.
650 _aLIVESTOCK INDUSTRY
_9196
942 _hKZ440aY, P2
_cTEXL
_2CC
999 _c279494
_d279494